| 000 | 01170nam a22002777a 4500 | ||
|---|---|---|---|
| 999 |
_c44286 _d44286 |
||
| 001 | 17634 | ||
| 003 | CO-MdFUSB | ||
| 005 | 20190202100319.0 | ||
| 008 | 170922t1976 en ||||| |||| 00| 0 eng d | ||
| 020 | _a0-88784-647-2 | ||
| 040 |
_aCO-MdFUSB _bspa _cCO-MdFUSB _dCO-MdFUSBC _erda |
||
| 041 | 0 | _aeng | |
| 082 | 0 | 4 | _aG 223.807 K467t |
| 100 | 1 |
_aKidner, Derek _eautor |
|
| 245 | 1 | 2 |
_aA time to mourn, and a time to dance _b: ecclesiastes and the way of the world _c/ Derek Kidner |
| 264 | 4 |
_aDowners Grove : _bInterVarsity, _c©1976 |
|
| 300 | _a110 p. | ||
| 336 |
_2rdacontent _atexto _btxt |
||
| 337 |
_2rdamedia _asin mediación _bn |
||
| 338 |
_2rdacarrier _avolumen _bnc |
||
| 505 | 0 | 0 | _a¿Por qué pertenece este libro a la biblia? un descubrimiento -- ¿Qué dice el libro? un comentario -- El autor, el lema, y una reconocimiento al contexto -- la búsqueda de satisfacción -- la tiranía del tiempo -- la dureza de la vida -- lucha por la supervivencia -- la búsqueda sigue --el peligro -- íSe sabio! -- ¿Qué vamos a decir? |
| 650 | 0 |
_aBiblia _916 |
|
| 653 | _aBiblia A.T. - Eclesiastés - Comentarios | ||
| 653 | _aBiblia - Comentarios | ||
| 942 | _cBK | ||